| 000 | 01251nam a2200265Ia 4500 | ||
|---|---|---|---|
| 999 |
_c51208 _d51208 |
||
| 001 | 18167 | ||
| 003 | GE_BSU | ||
| 005 | 20250130164448.0 | ||
| 008 | 181216s2009||||ge |||||||||||||| ||geo|| | ||
| 020 | _a9789941128608 | ||
| 040 | _cGE_BSU | ||
| 041 | _ageo | ||
| 080 | _a811.351.13'367.625.43 ა-78 | ||
| 100 |
_aარდოტელი, ნოდარ _924200 |
||
| 245 |
_aნაზმნარი სახელები დიდოურ ენებში : _b[მონოგრაფია] / _cნოდარ არდოტელი; [რედ. ვაჟა შენგელია]; ენათმეცნიერების ინ-ტი. |
||
| 264 |
_aთბილისი : _bუნივერსალი, _c2009. |
||
| 300 |
_a224 გვ. ; _b20 სმ. |
||
| 504 | _aბიბლ.გვ. 209-216 | ||
| 520 | _aპარალ. სათ. რუს. და ინგლ.ენ. | ||
| 653 | _aმიმღეობა დიდოურ ენებში | ||
| 653 | _aმონოგრაფია | ||
| 653 | _aნაზმნარი სახელები დიდოურ ენებში | ||
| 700 |
_aშენგელია, ვაჟა _eრედაქტორი _92368 |
||
| 942 |
_cBK _2udc |
||